[Event "C.to Italiano U14"]
[Site "Arvier ITA"]
[Date "2003.07.02"]
[Round "2"]
[White "Buzzoni, Eugenio"]
[Black "Brunello, Sabino"]
[Result "0-1"]
[WhiteElo "1588"]
[BlackElo "2234"]
[PlyCount "96"]
[EventDate "2003.07.01"]

1. d4 d5 2. Nf3 Nf6 3. e3 e6 4. Bd3 Bd6 5. c3 O-O 6. Nbd2 Nbd7 7. O-O b6 8. Qe2
Bb7 9. e4 dxe4 10. Nxe4 Nxe4 11. Bxe4 Bxe4 12. Qxe4 c5 13. Be3 Nf6 14. Qd3 Qc7
15. Rfd1 Rad8 16. Qe2 Nd5 17. g3 Rfe8 18. Rac1 cxd4 19. cxd4 Qb7 20. Ne5 Rc8
21. a3 Rc7 22. Rxc7 Bxc7 23. Qh5 Bxe5 24. Qxe5 Rc8 25. Rc1 Rxc1+ 26. Bxc1 Qc7
27. Qxc7 Nxc7 28. Kf1 Kf8 29. Ke2 Ke7 30. Kd3 Kd7 31. Kc4 Kc6 32. b4 b5+ 33.
Kd3 Kd5 34. Bf4 Na8 35. Bb8 a6 36. Ba7 Nc7 37. Bc5 Ne8 38. Be7 Kc6 39. g4 Nc7
40. Bd8 Nd5 41. Bg5 Nb6 42. Bc1 Kd5 43. f3 Nc4 44. Kc3 e5 45. dxe5 Nxe5 46. Kd2
Nxf3+ 47. Ke3 Ne5 48. Kf4 Nd3+ 0-1

[Event "C.to Italiano U14"]
[Site "Arvier ITA"]
[Date "2003.07.02"]
[Round "2"]
[White "Cavatassi, Alessio"]
[Black "Vocaturo, Daniele"]
[Result "0-1"]
[WhiteElo "1585"]
[BlackElo "2156"]
[PlyCount "142"]
[EventDate "2003.07.01"]

1. d4 d5 2. c4 e6 3. Nc3 Be7 4. Nf3 Nf6 5. Bg5 O-O 6. e3 h6 7. Bxf6 Bxf6 8. Bd3
b6 9. cxd5 exd5 10. O-O c5 11. Rc1 Bg4 12. Be2 Be6 13. Qd2 Qd7 14. Rfd1 Rd8 15.
Bb5 Qb7 16. Ne2 a6 17. Ba4 Qe7 18. dxc5 bxc5 19. Qa5 Rc8 20. Rc2 Bf5 21. Rcd2
Be4 22. Ne1 Nc6 23. Bxc6 Rxc6 24. Ng3 Rd8 25. Qa4 Re6 26. Nxe4 Rxe4 27. Qxa6 d4
28. Qd3 Re8 29. Nc2 Bg5 30. Re2 c4 31. Qa3 d3 32. Qxe7 R8xe7 33. Red2 dxc2 34.
Rxc2 Ra7 35. a3 Bf6 36. Rdc1 Rb7 37. Rxc4 Rxc4 38. Rxc4 Bxb2 39. Rb4 Rxb4 40.
axb4 Ba3 41. b5 Kf8 42. Kf1 Ke7 43. b6 Kd7 44. b7 Kc7 45. b8=Q+ Kxb8 46. Ke2
Kc7 47. Kd3 Kd6 48. f4 f5 49. e4 Ke6 50. h3 Bc1 51. g3 h5 52. h4 Ba3 53. Ke3
Bc5+ 54. Kf3 Ba7 55. e5 Kd5 56. Ke2 Ke4 57. e6 Bc5 58. g4 fxg4 59. f5 Kxf5 60.
e7 Bxe7 61. Kf2 Bxh4+ 62. Kg2 Bd8 63. Kg3 h4+ 64. Kg2 Bc7 65. Kf1 h3 66. Kg1 g3
67. Kh1 Kg4 68. Kg1 g5 69. Kh1 g2+ 70. Kg1 Bb6+ 71. Kh2 g1=Q# 0-1

[Event "C.to Italiano U14"]
[Site "Arvier ITA"]
[Date "2003.07.02"]
[Round "2"]
[White "Ronchetti, Niccolo'"]
[Black "Xia, Jie"]
[Result "1-0"]
[WhiteElo "2217"]
[BlackElo "1597"]
[PlyCount "78"]
[EventDate "2003.07.01"]

1. e4 c5 2. Nf3 d6 3. d4 cxd4 4. Nxd4 Nf6 5. Nc3 Nc6 6. Bc4 g6 7. Nxc6 bxc6 8.
e5 Nd7 9. exd6 exd6 10. O-O Nc5 11. Qf3 d5 12. Nxd5 Bg7 13. Nc3 Ne6 14. Bxe6
Bxe6 15. Qxc6+ Kf8 16. Bg5 Rc8 17. Qxe6 fxe6 18. Bxd8 Rxd8 19. Na4 Rd4 20. Nc5
Ke7 21. Rfe1 Rd6 22. c3 Rc8 23. Nb3 Rb8 24. Rad1 Ra6 25. Nc5 Rd6 26. Rxd6 Kxd6
27. Ne4+ Kd5 28. b3 h6 29. f3 Rb6 30. Rd1+ Kc6 31. Rd6+ Kc7 32. Rxb6 axb6 33.
Kf2 Kc6 34. Ke3 Kd5 35. c4+ Kc6 36. Kd3 b5 37. Nc3 b4 38. Ne2 e5 39. Ke4 Kc5
1-0

[Event "C.to Italiano U14"]
[Site "Arvier ITA"]
[Date "2003.07.02"]
[Round "3"]
[White "Brunello, Sabino"]
[Black "Lampl, Gerald"]
[Result "1-0"]
[WhiteElo "2234"]
[BlackElo "1600"]
[PlyCount "45"]
[EventDate "2003.07.01"]

1. e4 e5 2. Nf3 Nc6 3. d4 exd4 4. Nxd4 Bc5 5. Be3 Qf6 6. c3 Nge7 7. Bc4 d6 8.
O-O Ne5 9. Be2 Qg6 10. f4 Bh3 11. Rf2 Ng4 12. f5 Nxf2 13. Qa4+ b5 14. Bxb5+ c6
15. Bxc6+ Nxc6 16. Qxc6+ Ke7 17. fxg6 Bd7 18. Qd5 Bxd4 19. cxd4 Be6 20. Qb7+
Kf6 21. Bxf2 hxg6 22. e5+ dxe5 23. dxe5+ 1-0

[Event "C.to Italiano U14"]
[Site "Arvier ITA"]
[Date "2003.07.02"]
[Round "3"]
[White "Cillo, Pierambrogio"]
[Black "Ronchetti, Niccolo'"]
[Result "0-1"]
[WhiteElo "1603"]
[BlackElo "2217"]
[PlyCount "54"]
[EventDate "2003.07.01"]

1. c4 Nf6 2. Nc3 c5 3. g3 e6 4. Bg2 a6 5. e3 Qc7 6. Nge2 d6 7. O-O Nbd7 8. b3
Rb8 9. Nf4 Be7 10. Ne4 Nxe4 11. Bxe4 Nf6 12. Bg2 b5 13. d3 O-O 14. Bb2 Rd8 15.
Nh5 Nxh5 16. Qxh5 a5 17. Rab1 Bd7 18. Be4 f5 19. Bg2 Be8 20. Qf3 Rb6 21. g4 Bg6
22. Bc3 Qa7 23. Bh3 Rf8 24. Rfd1 d5 25. Be5 fxg4 26. Qxg4 Bf6 27. Bxf6 Rxf6 0-1

[Event "C.to Italiano U14"]
[Site "Arvier ITA"]
[Date "2003.07.02"]
[Round "3"]
[White "Vocaturo, Daniele"]
[Black "Baldelli, Alex"]
[Result "1-0"]
[WhiteElo "2156"]
[BlackElo "1600"]
[PlyCount "63"]
[EventDate "2003.07.01"]

1. e4 c5 2. Nf3 e6 3. d4 cxd4 4. Nxd4 Nf6 5. Nc3 Nc6 6. Be3 Bb4 7. Bd3 O-O 8.
O-O Ne5 9. h3 a6 10. f4 Nxd3 11. cxd3 d6 12. Nde2 Bd7 13. f5 h6 14. Ng3 Rc8 15.
Rc1 e5 16. Nh5 Bc5 17. Nxf6+ Qxf6 18. Bxc5 Rxc5 19. Nd5 Qd8 20. Rxc5 dxc5 21.
f6 g6 22. Qc1 Kh7 23. Qxc5 Bc6 24. Qe7 Bxd5 25. exd5 Qb8 26. d6 Kg8 27. d7 Qc7
28. Re1 Qb6+ 29. Kh1 Qc7 30. Rxe5 Qc1+ 31. Re1 Qc7 32. Qxf8+ 1-0

[Event "C.to Italiano U14"]
[Site "Arvier ITA"]
[Date "2003.07.03"]
[Round "4"]
[White "Bellemo, Davide"]
[Black "Vocaturo, Daniele"]
[Result "0-1"]
[WhiteElo "1618"]
[BlackElo "2156"]
[PlyCount "74"]
[EventDate "2003.07.01"]

1. c4 Nf6 2. g3 e5 3. Bg2 c6 4. Nc3 Bb4 5. e4 O-O 6. Nge2 d6 7. O-O Be6 8. b3
d5 9. cxd5 cxd5 10. exd5 Nxd5 11. Bb2 Nc6 12. Re1 f5 13. Nxd5 Bxd5 14. Bxd5+
Qxd5 15. Nc3 Qd7 16. a3 Ba5 17. b4 Bc7 18. Nb5 Bb8 19. Qb3+ Kh8 20. Rad1 a6 21.
d4 axb5 22. dxe5 Qe7 23. e6 Bd6 24. Qc3 Rad8 25. Rd5 Bxb4 26. Rxd8 Bxc3 27.
Rxf8+ Qxf8 28. Bxc3 Qe7 29. Re3 h6 30. Kg2 Kh7 31. f4 Qxa3 32. Kf3 Qe7 33. h3
b4 34. Bb2 Na5 35. Bd4 Nc4 36. Re2 b3 37. Bc3 b2 0-1

[Event "C.to Italiano U14"]
[Site "Arvier ITA"]
[Date "2003.07.03"]
[Round "4"]
[White "Ferrante, Marco"]
[Black "Brunello, Sabino"]
[Result "0-1"]
[WhiteElo "1849"]
[BlackElo "2234"]
[PlyCount "80"]
[EventDate "2003.07.01"]

1. e4 e5 2. Nf3 Nc6 3. Bc4 Bc5 4. d3 Nf6 5. Bg5 d6 6. Nc3 h6 7. Bxf6 Qxf6 8.
Nd5 Qd8 9. c3 a6 10. b4 Ba7 11. h3 Ne7 12. Nxe7 Qxe7 13. Nd2 c6 14. Qf3 b5 15.
Bb3 a5 16. a3 O-O 17. O-O Bb6 18. Qg3 Be6 19. Bxe6 fxe6 20. Kh1 axb4 21. cxb4
Bd4 22. Ra2 Bc3 23. Rc1 Bxb4 24. Rxc6 Bc5 25. Nb3 Qd7 26. Rxc5 dxc5 27. Qxe5
Qxd3 28. Qxe6+ Kh8 29. Nxc5 Qf1+ 30. Kh2 Rxf2 31. Rxf2 Qxf2 32. Nd3 Qf6 33. Qb3
Qd6+ 34. e5 Rxa3 35. exd6 Rxb3 36. Ne5 Rb1 37. d7 Rd1 38. d8=Q+ Rxd8 39. Nf7+
Kh7 40. Nxd8 b4 0-1

[Event "C.to Italiano U14"]
[Site "Arvier ITA"]
[Date "2003.07.03"]
[Round "4"]
[White "Ronchetti, Niccolo'"]
[Black "Lapenna, Antonio"]
[Result "1/2-1/2"]
[WhiteElo "2217"]
[BlackElo "2047"]
[PlyCount "54"]
[EventDate "2003.07.01"]

1. e4 c5 2. Nf3 d6 3. d4 cxd4 4. Nxd4 Nf6 5. Nc3 g6 6. Be3 Bg7 7. f3 O-O 8. Qd2
Nc6 9. O-O-O d5 10. exd5 Nxd5 11. Nxc6 bxc6 12. Bd4 Bxd4 13. Qxd4 Qb6 14. Qxb6
axb6 15. Nxd5 cxd5 16. a3 Rd8 17. Bb5 Bf5 18. Rhe1 Rac8 19. Ba4 Kf8 20. Rd4 f6
21. g4 Bd7 22. Bxd7 Rxd7 23. Re6 Rb8 24. Rc6 b5 25. Rb4 Rdb7 26. Rd4 Rd7 27.
Rb4 Rdb7 1/2-1/2

[Event "C.to Italiano U14"]
[Site "Arvier ITA"]
[Date "2003.07.04"]
[Round "5"]
[White "Brunello, Sabino"]
[Black "Rombaldoni, Denis"]
[Result "0-1"]
[WhiteElo "2234"]
[BlackElo "2064"]
[PlyCount "80"]
[EventDate "2003.07.01"]

1. e4 c6 2. d4 d5 3. e5 Bf5 4. Nf3 e6 5. Be2 Ne7 6. O-O Nc8 7. b3 Be7 8. c4 O-O
9. Bd3 Bg6 10. Ba3 a5 11. Bxg6 fxg6 12. Bxe7 Nxe7 13. Nc3 Nf5 14. cxd5 cxd5 15.
Rc1 Nc6 16. Nb5 Rc8 17. Qd2 h6 18. Rc3 a4 19. g4 Nh4 20. Nxh4 Qxh4 21. Rg3 axb3
22. axb3 Qe7 23. Nd6 Ra8 24. f4 Qc7 25. Rd3 Qb6 26. Qf2 Nb4 27. Rd2 Ra3 28. Qe3
Nc6 29. Rf3 Na5 30. Rb2 Nc4 31. Nxc4 dxc4 32. Qf2 Rxb3 33. Rfxb3 cxb3 34. Qe3
Ra8 35. Rxb3 Ra1+ 36. Kg2 Qc6+ 37. Kh3 Ra2 38. Qg3 g5 39. fxg5 hxg5 40. Qf3 Qc2
0-1

[Event "C.to Italiano U14"]
[Site "Arvier ITA"]
[Date "2003.07.04"]
[Round "5"]
[White "Sanna, Massimo"]
[Black "Bonafede, Alessandro"]
[Result "0-1"]
[WhiteElo "1651"]
[BlackElo "2098"]
[PlyCount "40"]
[EventDate "2003.07.01"]

1. d4 f5 2. Nf3 Nf6 3. g3 g6 4. Bg2 Bg7 5. O-O d6 6. c4 O-O 7. b4 c5 8. bxc5
dxc5 9. e3 Nc6 10. Bb2 Qb6 11. Qb3 Ne4 12. Qxb6 axb6 13. Ne5 Nxe5 14. dxe5 Rd8
15. h4 Be6 16. Bxe4 fxe4 17. Rc1 Rd3 18. Na3 Raxa3 19. Bxa3 Rxa3 20. Rab1 Ra6
0-1

[Event "C.to Italiano U14"]
[Site "Arvier ITA"]
[Date "2003.07.04"]
[Round "5"]
[White "Vocaturo, Daniele"]
[Black "Ronchetti, Niccolo'"]
[Result "0-1"]
[WhiteElo "2156"]
[BlackElo "2217"]
[PlyCount "102"]
[EventDate "2003.07.01"]

1. e4 c5 2. Nf3 Nc6 3. d4 cxd4 4. Nxd4 Nf6 5. Nc3 e5 6. Ndb5 d6 7. Nd5 Nxd5 8.
exd5 Nb8 9. c4 Be7 10. Be2 O-O 11. O-O f5 12. f3 Nd7 13. a3 a6 14. Nc3 Bg5 15.
b4 a5 16. Kh1 axb4 17. Bxg5 Qxg5 18. axb4 Rb8 19. Qc1 Qh4 20. g3 Qh3 21. Qc2
Qh6 22. Bd3 Nf6 23. c5 Nh5 24. Kg1 dxc5 25. bxc5 Qe3+ 26. Rf2 Qxc5 27. Na4 Qxc2
28. Rxc2 Nf6 29. Nb6 e4 30. Bb5 Rd8 31. f4 Bd7 32. Nxd7 Nxd7 33. Rc7 Nb6 34.
Ra7 Rxd5 35. Bc6 Rc5 36. Rcxb7 Rxb7 37. Bxb7 Rc7 38. Kf2 Kf8 39. Ke3 Rd7 40. g4
Ke7 41. gxf5 Nc4+ 42. Kxe4 Nd6+ 43. Kf3 Rxb7 44. Ra5 Ne8 45. Kg4 Kf7 46. h4
Nf6+ 47. Kf3 Rb3+ 48. Kg2 Nh5 49. Ra4 Kf6 50. Kh2 Kxf5 51. Ra5+ Kg4 0-1

[Event "C.to Italiano U14"]
[Site "Arvier ITA"]
[Date "2003.07.04"]
[Round "6"]
[White "Bonafede, Alessandro"]
[Black "Lapenna, Antonio"]
[Result "0-1"]
[WhiteElo "2098"]
[BlackElo "2047"]
[PlyCount "66"]
[EventDate "2003.07.01"]

1. e4 c5 2. Nf3 d6 3. d4 cxd4 4. Nxd4 Nf6 5. Nc3 g6 6. Be3 Bg7 7. f3 O-O 8. Bc4
Nc6 9. Qd2 Bd7 10. O-O-O Rc8 11. Bb3 Nxd4 12. Bxd4 b5 13. Bxa7 b4 14. Nb1 Qa5
15. Bd4 Ba4 16. h4 Bxb3 17. axb3 Rc6 18. Qf2 Rfc8 19. Rd2 Qa2 20. g4 Qxb3 21.
Rh2 Ra6 22. Qe3 Qa2 23. h5 e5 24. h6 exd4 25. Qxd4 Bh8 26. Qxb4 Qc4 27. Qb7 Qc6
28. Qb3 Nd7 29. Qe3 Rb8 30. c3 Nc5 31. Rd1 Nb3+ 32. Kc2 Na5 33. Rd4 Nc4 0-1

[Event "C.to Italiano U14"]
[Site "Arvier ITA"]
[Date "2003.07.04"]
[Round "6"]
[White "Lettieri, Giuseppe"]
[Black "Brunello, Sabino"]
[Result "1/2-1/2"]
[WhiteElo "1894"]
[BlackElo "2234"]
[PlyCount "83"]
[EventDate "2003.07.01"]

1. e4 e5 2. Nf3 Nc6 3. d4 exd4 4. Nxd4 Bc5 5. Be3 Qf6 6. c3 Nge7 7. Bc4 Ne5 8.
Be2 Qg6 9. O-O d6 10. Nd2 Bh3 11. Bf3 O-O 12. Kh1 Nxf3 13. Qxf3 Bd7 14. Qe2 f5
15. Nc2 Bxe3 16. Nxe3 Bc6 17. Qc4+ Kh8 18. Nd5 Rfe8 19. f3 Qg5 20. Nxe7 Rxe7
21. Qd4 Rae8 22. Rae1 a6 23. c4 h6 24. Re2 fxe4 25. Nxe4 Bxe4 26. Rxe4 Rxe4 27.
fxe4 Qe5 28. Qxe5 Rxe5 29. Re1 Kg8 30. Kg1 Kf7 31. Kf2 Rc5 32. Rc1 b5 33. b3
Ke6 34. Ke3 bxc4 35. Rxc4 Rxc4 36. bxc4 Ke5 37. g3 g5 38. Kd3 a5 39. a4 g4 40.
Ke3 c6 41. Kd3 h5 42. Ke3 1/2-1/2

[Event "C.to Italiano U14"]
[Site "Arvier ITA"]
[Date "2003.07.04"]
[Round "6"]
[White "Ronchetti, Niccolo'"]
[Black "Rombaldoni, Denis"]
[Result "1/2-1/2"]
[WhiteElo "2217"]
[BlackElo "2064"]
[PlyCount "77"]
[EventDate "2003.07.01"]

1. e4 c6 2. d4 d5 3. Nc3 dxe4 4. Nxe4 Nf6 5. Ng3 h5 6. h4 Qc7 7. Bc4 Bg4 8.
N1e2 e6 9. Bf4 Qxf4 10. Nxf4 Bxd1 11. Rxd1 Bd6 12. Nge2 Nbd7 13. Nd3 a5 14. a4
O-O 15. O-O Rab8 16. Nc3 Nb6 17. Bb3 Nbd5 18. Nxd5 cxd5 19. Rfe1 Rfc8 20. Kf1
Ng4 21. Rc1 Nh6 22. c3 Nf5 23. g3 g6 24. Bc2 Rc7 25. Bd1 Bf8 26. Bf3 Nd6 27.
Ra1 Nc4 28. Re2 Bd6 29. Ke1 b5 30. axb5 Rxb5 31. Ra2 Rcb7 32. Rc2 f6 33. Ra4
Rb8 34. Bg2 Kf7 35. Bf1 Bc7 36. b4 Bd6 37. Nb2 axb4 38. Nxc4 dxc4 39. Bxc4
1/2-1/2

[Event "C.to Italiano U14"]
[Site "Arvier ITA"]
[Date "2003.07.05"]
[Round "7"]
[White "Brunello, Sabino"]
[Black "Simonini, Roberto"]
[Result "1-0"]
[WhiteElo "2234"]
[BlackElo "1648"]
[PlyCount "107"]
[EventDate "2003.07.01"]

1. e4 e5 2. Nf3 Nf6 3. Nc3 Bb4 4. Bc4 Nc6 5. d3 d6 6. h3 O-O 7. O-O Bxc3 8.
bxc3 Be6 9. Bb3 Qe7 10. Ba3 Bxb3 11. axb3 Nd7 12. Nd2 f5 13. exf5 Rxf5 14. Nc4
Qe6 15. Bc1 Raf8 16. Ne3 R5f7 17. d4 exd4 18. cxd4 d5 19. c4 Nb6 20. Ra2 a6 21.
Re1 Qd7 22. c5 Nc8 23. Rae2 N8e7 24. Ng4 Ng6 25. Ne5 Ncxe5 26. dxe5 Qe6 27. Qd4
c6 28. Qg4 Re8 29. g3 Nf8 30. b4 Qxg4 31. hxg4 Rf3 32. Kg2 Rb3 33. Rb2 Rc3 34.
f4 g6 35. Rbe2 Ne6 36. Bd2 Rd3 37. Rf2 Nd4 38. Re3 Rxe3 39. Bxe3 Nb5 40. Bc1
Nc3 41. Bb2 Ne4 42. Re2 a5 43. bxa5 Nxc5 44. f5 Ne4 45. e6 gxf5 46. gxf5 c5 47.
Kf3 h6 48. Kf4 h5 49. Rh2 Kf8 50. Rxh5 Ke7 51. Rh7+ Kd8 52. Rd7+ Kc8 53. Rxd5
Nf2 54. Rxc5+ 1-0

[Event "C.to Italiano U14"]
[Site "Arvier ITA"]
[Date "2003.07.05"]
[Round "7"]
[White "Insalata, Ferdinando"]
[Black "Ronchetti, Niccolo'"]
[Result "0-1"]
[WhiteElo "1621"]
[BlackElo "2217"]
[PlyCount "68"]
[EventDate "2003.07.01"]

1. e4 c5 2. Nf3 Nc6 3. g3 g6 4. Bg2 Bg7 5. O-O e5 6. d3 Nge7 7. Nbd2 d5 8. c3
O-O 9. a4 f5 10. exd5 Nxd5 11. Nb3 b6 12. Nfd2 Ba6 13. Nf3 Nde7 14. c4 Qd6 15.
Bg5 Rad8 16. Nfd2 Nb4 17. Qe2 h6 18. Bxe7 Qxe7 19. f4 Rxd3 20. a5 e4 21. axb6
axb6 22. Nxe4 Rxb3 23. Qd1 Rd3 24. Qe2 fxe4 25. Bxe4 Re3 26. Qxe3 Bd4 27. Qxd4
cxd4 28. Rfe1 Qc5 29. Rxa6 Nxa6 30. Bd5+ Kh8 31. f5 d3+ 32. Kg2 d2 33. Re7 Qxe7
34. fxg6 d1=Q 0-1

[Event "C.to Italiano U14"]
[Site "Arvier ITA"]
[Date "2003.07.05"]
[Round "7"]
[White "Rombaldoni, Denis"]
[Black "Lapenna, Antonio"]
[Result "1/2-1/2"]
[WhiteElo "2064"]
[BlackElo "2047"]
[PlyCount "25"]
[EventDate "2003.07.01"]

1. d4 Nf6 2. Nf3 e6 3. c4 c5 4. d5 b5 5. dxe6 fxe6 6. cxb5 d5 7. e3 Bd6 8. Nc3
Nbd7 9. Bd3 Bb7 10. Ng5 Qe7 11. f4 e5 12. O-O O-O 13. Bf5 1/2-1/2

[Event "C.to Italiano U14"]
[Site "Arvier ITA"]
[Date "2003.07.05"]
[Round "7"]
[White "Vocaturo, Daniele"]
[Black "Fortino, Fabrizio"]
[Result "1-0"]
[WhiteElo "2156"]
[BlackElo "1816"]
[PlyCount "63"]
[EventDate "2003.07.01"]

1. e4 c5 2. Nf3 Nc6 3. d4 cxd4 4. Nxd4 Nf6 5. Nc3 e5 6. Ndb5 d6 7. Nd5 Nxd5 8.
exd5 Ne7 9. c3 a6 10. Qa4 Nf5 11. Nc7+ Ke7 12. Nxa8 Bd7 13. Qc2 Qxa8 14. Bd3 g6
15. O-O Bg7 16. f4 h5 17. fxe5 Bxe5 18. Bf4 Qc8 19. Bxe5 dxe5 20. Qf2 h4 21.
Rae1 f6 22. Re4 Qg8 23. Qc5+ Ke8 24. d6 Qh7 25. Qc7 b5 26. Bc2 Be6 27. Qc6+ Bd7
28. Qxa6 Kf7 29. Bb3+ Kg7 30. Qb7 Kf8 31. Qb8+ Be8 32. Be6 1-0

[Event "C.to Italiano U14"]
[Site "Arvier ITA"]
[Date "2003.07.06"]
[Round "8"]
[White "Lombardi, Ottavio"]
[Black "Parodi, Alessandro"]
[Result "0-1"]
[WhiteElo "1500"]
[BlackElo "1600"]
[PlyCount "106"]
[EventDate "2003.07.01"]

1. d4 Nf6 2. c4 g6 3. Nc3 Bg7 4. Nf3 O-O 5. Bg5 d6 6. e3 Nc6 7. Bd3 e5 8. d5
Ne7 9. e4 Nd7 10. Qd2 f5 11. Bxe7 Qxe7 12. Ng5 Nc5 13. Nf3 f4 14. O-O g5 15.
Ne1 Rf7 16. b3 Bf8 17. Be2 Rg7 18. h3 Qf7 19. b4 Nd7 20. a4 h5 21. Nb5 Nf6 22.
Nc3 g4 23. h4 f3 24. Bd1 fxg2 25. Nxg2 Qg6 26. f3 gxf3 27. Bxf3 Qg3 28. Qf2 Be7
29. Qxg3 Rxg3 30. Kh2 Rh3+ 31. Kg1 Nh7 32. Rac1 Bxh4 33. Bxh5 Bg5 34. Bf7+ Kh8
35. Rc2 Bd7 36. Nb5 Rf8 37. Nxc7 Bxa4 38. Ra2 Bb3 39. Rxa7 Bxc4 40. Rf2 b5 41.
Rb7 Be3 42. Nxe3 Rxe3 43. Nxb5 Bxb5 44. Rxb5 Rxe4 45. Rb6 Ng5 46. Rh2+ Kg7 47.
Be6 Nf3+ 48. Kh1 Nxh2 49. Kxh2 Rf2+ 50. Kg3 Rb2 51. Bg4 Rb3+ 52. Kh4 Rbxb4 53.
Rxb4 Rxb4 0-1

[Event "C.to Italiano U14"]
[Site "Arvier ITA"]
[Date "2003.07.06"]
[Round "8"]
[White "Ronchetti, Niccolo'"]
[Black "Lettieri, Giuseppe"]
[Result "1-0"]
[WhiteElo "2217"]
[BlackElo "1894"]
[PlyCount "65"]
[EventDate "2003.07.01"]

1. e4 c5 2. Nf3 d6 3. d4 cxd4 4. Nxd4 Nf6 5. Nc3 g6 6. Be3 Bg7 7. f3 O-O 8. Qd2
Nc6 9. O-O-O d5 10. exd5 Nxd5 11. Nxc6 bxc6 12. Bd4 Bxd4 13. Qxd4 Qb6 14. Na4
Qa5 15. b3 Bf5 16. g4 Be6 17. Qe5 Qb4 18. c4 Qa3+ 19. Kb1 Nb4 20. Qb2 Qxb2+ 21.
Kxb2 Rfd8 22. Be2 Na6 23. Kc3 c5 24. a3 Bd7 25. Nb2 e5 26. Rd6 Nb8 27. Rhd1 Kf8
28. Na4 Ke7 29. Nxc5 a5 30. R6d5 f6 31. g5 Ra7 32. gxf6+ Kxf6 33. Bf1 1-0